Ricostruisci la Carriera del Calciatore - Ivan Rakitić - Statistics

Statistiche generali
  • Questo quiz è stato fatto 6 volte
  • Il punteggio medio è 6 su 6
Statistiche sulle risposte
Hint Risposta % Corretto
2014-2020 Barcellona
100%
2005-2007 Basilea
100%
2007-2011 Schalke 04
100%
2011-2014 Siviglia
100%
2024- Al-Shabab
83%
2020-2024 Siviglia
67%
Nessun quiz corrispondente trovato
Distribuzione punteggi
Percentuale di utenti per punteggio
Percentile per numero di risposta
I tuoi punteggi nel tempo
Non hai fatto questo quiz